Prītāṃ hassīāṃ. (Record no. 65164)

MARC details
000 -LEADER
fixed length control field 00528cam a22002171 4500
001 - CONTROL NUMBER
control field sa 65007507
003 - CONTROL NUMBER IDENTIFIER
control field DLC
005 - DATE AND TIME OF LATEST TRANSACTION
control field 20260227112148.0
008 - FIXED-LENGTH DATA ELEMENTS--GENERAL INFORMATION
fixed length control field 890630s1962 ii c 000 1 pano
010 ## - LIBRARY OF CONGRESS CONTROL NUMBER
LC control number sa 65007507
035 ## - SYSTEM CONTROL NUMBER
System control number (OCoLC)19954093
040 ## - CATALOGING SOURCE
Original cataloging agency DLC
Transcribing agency WaU
Modifying agency DLC
042 ## - AUTHENTICATION CODE
Authentication code premarc
050 00 - LIBRARY OF CONGRESS CALL NUMBER
Classification number PK2658
Item number .B5
100 1# - MAIN ENTRY--PERSONAL NAME
Personal name Bharti, Charan Dass.
245 10 - TITLE STATEMENT
Title Prītāṃ hassīāṃ.
260 ## - PUBLICATION, DISTRIBUTION, ETC.
Date of publication, distribution, etc. [1962]
300 ## - PHYSICAL DESCRIPTION
Extent 131 p.
Other physical details ports.
Dimensions 22 cm.
500 ## - GENERAL NOTE
General note In Panjabi.
650 #0 - SUBJECT ADDED ENTRY--TOPICAL TERM
Topical term or geographic name entry element Short stories, Panjabi.

No items available.

Powered by Koha